Wisdom & consciousness from the east: Life living & leadership (Record no. 517210)

000 -LEADER
fixed length control field 00265nam a2200097 4500
082 ## - DEWEY DECIMAL CLASSIFICATION NUMBER
Classification number TNC A99 Sh23
100 ## - MAIN ENTRY--PERSONAL NAME
Personal name Sharma, Subhash.
9 (RLIN) 24754
245 ## - TITLE STATEMENT
Title Wisdom & consciousness from the east: Life living & leadership
260 ## - PUBLICATION, DISTRIBUTION, ETC. (IMPRINT)
Place of publication, distribution, etc Bangalore
Name of publisher, distributor, etc IBA
Date of publication, distribution, etc 2013
300 ## - PHYSICAL DESCRIPTION
Extent 212p
Holdings
Withdrawn status Lost status Source of classification or shelving scheme Damaged status Koha normalized classification for sorting Not for loan Permanent location Current location Date acquired Full call number Barcode Date last seen Price effective from Koha item type
        TNC_A99_SH23   Indian Institute of Public Administration Indian Institute of Public Administration 2021-07-06 TNC A99 Sh23 GR23511 2021-07-06 2021-07-06 GR

Powered by Koha